Kirk Douglas Filmography - Statistics

General Stats
  • This quiz has been taken 130 times
    64 since last reset
  • The average score is 24 of 144
Answer Stats
Type Year Name % Correct
Film 1960 Spartacus
82%
Film 1951 Ace in the Hole
64%
Film 1958 The Vikings
64%
Film 1956 Lust for Life
59%
Film 1947 Out of the Past
59%
Film 1986 Tough Guys
59%
Film 1971 A Gunfight
55%
Film 1957 Paths of Glory
55%
Film 1952 The Bad and the Beautiful
55%
Film 1967 The War Wagon
55%
Film 1957 Gunfight at the O.K. Corral
50%
Film 1964 Seven Days in May
50%
Film 1955 The Indian Fighter
50%
Film 1954 20,000 Leagues Under the Sea
45%
Film 1949 Champion
45%
Film 1962 Lonely Are the Brave
45%
Film 1946 The Strange Love of Martha Ivers
45%
Film 1949 A Letter to Three Wives
41%
Radio Series 1954 CBS Radio Theater
41%
Film 1951 Detective Story
41%
Film 1965 In Harm's Way
41%
Radio Series 1954 Lux Radio Theater
41%
Film 1966 Cast a Giant Shadow
36%
Film 2003 It Runs in the Family
36%
Film 1952 The Big Sky
36%
Film 1979 The Villain
36%
Film 1955 Man Without a Star
32%
Film 1980 The Final Countdown
32%
Film 1978 The Fury
32%
Film 1961 The Last Sunset
32%
Film 1950 Young Man with a Horn
32%
Film 1948 My Dear Secretary
27%
Film 1980 Saturn 3
27%
Film 1952 The Big Trees
27%
Film 1963 The List of Adrian Messenger
27%
TV Show 1996 The Simpsons
27%
Film 1951 Along the Great Divide
23%
Film 1966 Is Paris Burning?
23%
Film 1947 I Walk Alone
23%
Film 1975 Posse
23%
Film 1969 The Arrangement
23%
Film 1959 The Devil's Disciple
23%
Film 1954 Ulysses
23%
Film 1977 Holocaust 2000
18%
Film 1968 The Brotherhood
18%
Film 1965 The Heroes of Telemark
18%
Film 1953 The Juggler
18%
Film 1971 The Light at the Edge of the World
18%
Film 1970 There Was a Crooked Man...
18%
Film 1948 The Walls of Jericho
18%
Film 1967 The Way West
18%
Film 1971 To Catch a Spy
18%
Film 1957 Top Secret Affair
18%
Film 1961 Town Without Pity
18%
Film 1953 Act of Love
14%
Film 1968 A Lovely Way to Die
14%
Film 1999 Diamonds
14%
TV Film 1973 Dr. Jekyll and Mr. Hyde
14%
Film 1994 Greedy
14%
Film 1991 Oscar
14%
TV Show 1980 Saturday Night Live
14%
Film 1973 Scalawag
14%
Film 1960 Strangers When We Meet
14%
Film 1950 The Glass Mengerie
14%
Film 1982 The Man from Snowy River
14%
Film 1972 The Master Touch
14%
Film 1953 The Story of Three Loves
14%
Film 1962 Two Weeks in Another Town
14%
TV Film 1976 Victory at Entebbe
14%
TV Film 1985 Amos
9%
TV Mini-Series 1976 Arthur Hailey's the Moneychangers
9%
TV Film 1984 Draw!
9%
Film 1983 Eddie Macon's Run
9%
TV Film 2008 Empire State Building Murders
9%
Film 1963 For Love or Money
9%
Film 1980 Home Movies
9%
Film 2004 Illusion
9%
TV Film 1988 Inherit the Wind
9%
Film 1975 Jacqueline Susann's Once Is Not Enough
9%
Film 1947 Mourning Becomes Electra
9%
TV Film 1974 Mousey
9%
Film 1959 Operation Petticoat
9%
TV Mini-Series 1987 Queenie
9%
TV Film 1982 Remembrance of Love
9%
TV Film 1994 Take Me Home Again
9%
TV Show 1991 Tales from the Crypt
9%
Film 1963 The Hook
9%
TV Film 1968 The Legend of Silent Night
9%
Film 1955 The Racers
9%
TV Film 1992 The Secret
9%
TV Show 2000 Touched by an Angel
9%
Film 1991 Welcome to Veraz
9%
Radio Series 1947 Suspense
5%
TV Show 1973, 1974 The Dean Martin Show
5%
TV Show 1973-1978 The Mike Douglas Show
5%
Documentary 1994 A Century of Cinema
0%
TV Documentary 1984 A Day in the Country: Impressionism and the French Landscape
0%
TV Special 1991 AFI Life Achievement Award: A Tribute to Kirk Douglas
0%
TV Special 2009 AFI Life Achievement Award: A Tribute to Michael Douglas
0%
Theater 1945 Alice in Arms
0%
Documentary 2014 Anatomy of a Film
0%
Short TV Documentary 2003 Anthony Quinn and Kirk Douglas
0%
Theater 2009 Before I Forget
0%
TV Special 2020 Celebrating the Career of Kirk Douglas: Spartacus, Paths of Glory, the Bad and the Beautiful
0%
TV Show 1994 Coach
0%
Radio Series 1948 Family Theater of the Air
0%
TV Show 1949 Floor Show
0%
TV Special 1957 General Motors 50th Anniversary Show
0%
Documentary Series 1979, 1984, 2002, 2003 Hollywood Greats
0%
Short TV Documenary 2002 Kirk Douglas and Vicente Minnelli
0%
Documentary 2009 Kirk Douglas: Before I Forget
0%
Documentary 2017 Kirk Douglas, the Untameable
0%
Documentary 1994 Kirk Douglas: Video Scrapbook
0%
Short Documentary 1966 Kirk Douglas (Welcome Kirk)
0%
Theater 1943-1945 Kiss and Tell
0%
Commercial 1975 Maxim Coffee
0%
Documentary 1971 Once Upon a Wheel
0%
Theater 1963-1964 One Flew Over the Cuckoo's Nest
0%
TV Special 1974 Paramount Presents
0%
TV Show 1955 Perry Como's Kraft Music Hall
0%
TV Special 2020 Remembering Kirk Douglas
0%
TV Show 1968 Rowan & Martin's Laugh-In
0%
Theater 1941-1942 Spring Again
0%
Short Documentary 1982 Thanksgiving in Peshawar with Kirk Douglas
0%
TV Special 1987 The American Academy of Dramatic Art Annual Tribute: A Salute to Kirk Douglas
0%
Radio Series 1950 Theatre Guild on the Air
0%
TV Show 1952, 1955 The Colgate Comedy Hour
0%
TV Show 1980 The Don Lane Show
0%
TV Show 1954, 1956, 1966 The Ed Sullivan Show
0%
Music Video 1995 The Garden of Allah
0%
TV Show 1955 The George Gobel Show
0%
TV Show 1984 The Hollywood Greats
0%
TV Show 1954 The Jack Benny Program
0%
TV Show 1970 The Johnny Cash Show
0%
TV Show 1950, 1952 The Ken Murray Show
0%
Short Documentary 2000 The Life and Times of Kirk Douglas
0%
TV Show 1966 The Lucy Show
0%
TV Show 1954, 1955, 1956 The Magical World of Disney
0%
TV Show 1957 The Seven Lively Arts
0%
TV Show 1957, 1958 The Steve Allen Plymouth Show
0%
Theater 1942-1943 The Three Sisters
0%
Theater 1945 The Wind Is Ninety
0%
Theater 1944-1945 Trio
0%
Theater 1946 Woman Bites Dog
0%
No matching quizzes found
Score Distribution
Percent of People with Each Score
Percentile by Number Answered
Your Score History
You have not taken this quiz since the last reset